Monumental legacy sanchi / (Record no. 133864)

MARC details
000 -LEADER
fixed length control field 00720nam a22002417a 4500
005 - DATE AND TIME OF LATEST TRANSACTION
control field 20170124110216.0
010 ## - LIBRARY OF CONGRESS CONTROL NUMBER
LC control number B-163280
020 ## - INTERNATIONAL STANDARD BOOK NUMBER
Terms of availability 195.00
International Standard Book Number 9780195675900
035 ## - SYSTEM CONTROL NUMBER
System control number B-163280
037 ## - SOURCE OF ACQUISITION
Source of stock number/acquisition Cen Lib/Ret
040 ## - CATALOGING SOURCE
Original cataloging agency DPL
Language of cataloging EN
082 ## - DEWEY DECIMAL CLASSIFICATION NUMBER
Classification number 954.21
Item number DHA
100 ## - MAIN ENTRY--PERSONAL NAME
Personal name Dhavalikar, M. K.
9 (RLIN) 39124
245 ## - TITLE STATEMENT
Title Monumental legacy sanchi /
Statement of responsibility, etc by M. K. Dhavalinkar
250 ## - EDITION STATEMENT
Edition statement 2nd ed
260 ## - PUBLICATION, DISTRIBUTION, ETC. (IMPRINT)
Place of publication, distribution, etc New Delhi
Name of publisher, distributor, etc Oxford Universty Press
Date of publication, distribution, etc 2003
270 ## - ADDRESS
City New Delhi
Address YMCA Building, Jai Singh Road
Postal code 110001
300 ## - PHYSICAL DESCRIPTION
Extent xii,121p.:
Dimensions 20cm(Hb)
Other physical details ill.
500 ## - GENERAL NOTE
General note Includes glossary
650 ## - SUBJECT ADDED ENTRY--TOPICAL TERM
Topical term or geographic name as entry element Buddhist art
9 (RLIN) 39125
650 ## - SUBJECT ADDED ENTRY--TOPICAL TERM
Topical term or geographic name as entry element Art and religion
9 (RLIN) 39126
942 ## - ADDED ENTRY ELEMENTS (KOHA)
Source of classification or shelving scheme Dewey Decimal Classification
Koha item type English Books
Classification part 954.21
Call number suffix DHA
Holdings
Withdrawn status Lost status Damaged status Not for loan Collection code Home library Current library Date acquired Source of acquisition Cost, normal purchase price Total Checkouts Full call number Barcode Date last seen Copy number Cost, replacement price Price effective from Koha item type
      Not For Loan Reference Central Library Central Library 28/07/2015 Cen Lib/Ret 195.00   954.21 DHA B-163280 28/07/2015 1 195.00 28/07/2015 English Books

© Delhi Public Library
Hit Counter
free hit counter